Movies Quiz

Random Movies or Star Wars Quiz

Names of Star Wars Planets Quiz Stats

Quiz not verified by Sporcle

Challenge
Share
Tweet
Embed
Score 0/10 Timer 05:00
0 Plays Today
Hint Planet % Correct
a major source of tibanna gas, which is refined for production and transport in Cloud CityBespin
100%
home planet of Anakin Skywalker and Luke SkywalkerTatooine
100%
The Ice PlanetHoth
100%
it is the home of the characters Princess LeiaAlderaan
97.4%
The capital of the Old RepublicCoruscant
97.4%
Yoda's Planet of ExileDagobah
97.4%
the home planet of Padmé AmidalaNaboo
97.4%
Home to The EwoksEndor
94.9%
The Planet that Princess Leia Organa tries to fool Grand Moff Tarkin into believing that the Rebel base is located thereDantooine
87.2%
Planet in Episode III where Jedi Aayla Secura was killed by Order 66 Felucia
66.7%

You're not logged in!

Compare scores with friends on all Sporcle quizzes.
Sign Up with Email
OR
Log In

You Might Also Like...

Show Comments

Extras

Top Quizzes Today


Score Distribution

Your Account Isn't Verified!

In order to create a playlist on Sporcle, you need to verify the email address you used during registration. Go to your Sporcle Settings to finish the process.

Report this User

Report this user for behavior that violates our Community Guidelines.

Details: